000 00638nam a2200205Ia 4500
001 5237
003 GE_BSU
008 181216s||||||||xx |||||||||||||| ||und||
040 _cGE_BSU
080 _a51(076)
100 _aАпанасов П.Т.Апанасов, П.Т.
245 _aСборник математических задач с практическим содержанием
245 _bКнига для учителя
260 _aМосква
260 _bПросвещение
260 _c1987
300 _a109 с. 22 см.
653 _aСборник математических задач
942 _cBK
999 _c38829
_d38829